| 000 | 00746nam a22002177a 4500 | ||
|---|---|---|---|
| 003 | 0 | ||
| 005 | 20250121130201.0 | ||
| 008 | 151003b xxu||||| |||| 00| 0 eng d | ||
| 050 |
_aPHS GV 711 _b.Aq657 2015 |
||
| 100 | _aAquines, Marc Anthony D. | ||
| 245 |
_aCoaching skills and varsity involvement of grade 11 / _cMarc Anthony D. Aquines. |
||
| 260 |
_aLas PiƱas, Philippines : _bSouthville International School and Colleges, _c2015. |
||
| 300 |
_aiii, 29 p. : _c28 cm. |
||
| 504 | _aIncludes bibliographical references. | ||
| 650 | _aCoaching (Athletics). | ||
| 650 |
_aSports _vPsychological aspects. |
||
| 650 |
_aHigh school students _vPsychology. |
||
| 650 | _aStudent activities. | ||
| 650 | _aTeams in sports. | ||
| 942 |
_2lcc _cPASS |
||
| 999 |
_c288796 _d288796 |
||